| 000 | 00896nam0a22002531 4500 | ||
|---|---|---|---|
| 001 | rc\552789 | ||
| 005 | 20030616170208.2 | ||
| 010 |
_a5-620-00056-7 _98800 |
||
| 035 | _a(NLR Aleph) 005788461 | ||
| 090 |
_a5171371 _c5171371 |
||
| 100 | _a20030616d1988 u |0rusy50 ca | ||
| 101 | 0 | _arus | |
| 102 | _aRU | ||
| 105 | _aa ||||||||| | ||
| 200 | 1 |
_aХлеб и совесть _e[Рассказ трактористки совхоза им. Амангельды Целиногр. обл.] _f[Лит. запись Г.П. Терца] |
|
| 210 |
_aАлма-Ата _cКайнар _d1988 |
||
| 215 |
_a111, [1] с. _cил. _d17 |
||
| 700 | 1 |
_aГеллерт _bН. В. _f1953- _gНаталья Владимировна |
|
| 702 | 1 |
_aТерец _bГ. П. _gГеннадий Павлович _4570 |
|
| 801 | 0 |
_aRU _bNLR _gpsbo |
|
| 801 | 1 |
_aRU _bELAR _2rusmarc |
|
| 852 |
_aNLR _j88-2/2056 |
||
| 942 | _cBOOK | ||
| 980 | _aNB | ||